Cathay and the Way Thither: being a collection of medieval notices of China.
Guardat en:
| Autor principal: | |
|---|---|
| Format: | Llibre |
| Idioma: | anglès |
| Publicat: |
London, England, United Kingdom
Hakluyt Society
1915
|
| Edició: | Segunda edición |
| Col·lecció: | Hakluyt Society, Second Series.
33, 37, 38, 41 |
| Matèries: | |
| Etiquetes: |
Afegir etiqueta
Sense etiquetes, Sigues el primer a etiquetar aquest registre!
|
MARC
| LEADER | 00000nam a2200000 a 4500 | ||
|---|---|---|---|
| 001 | UCJ5720 | ||
| 003 | CL-VaPUC | ||
| 005 | 20250227100132.0 | ||
| 008 | 070124e19150000UK |||||||||||||||||eng|d | ||
| 999 | |c 321829 |d 321827 | ||
| 040 | |c Pontificia Universidad Católica de Valparaíso | ||
| 082 | 0 | 4 | |a 910.4 YUL 1915 |2 21 |
| 100 | 0 | |a Yule, Henry |9 511336 | |
| 245 | 1 | 0 | |a Cathay and the Way Thither: being a collection of medieval notices of China. |
| 250 | |a Segunda edición | ||
| 260 | 0 | 3 | |a London, England, United Kingdom |b Hakluyt Society |c 1915 |
| 300 | |a 4 volúmenes. | ||
| 490 | 0 | |a Hakluyt Society, Second Series. |v 33, 37, 38, 41 | |
| 500 | |a Front., v. 1, retrato de Henry Yule; mapas e ilustraciones conforme a lo señalado en índices | ||
| 583 | |a last modification |c 20070124 00:00:00 |k Rodrigo Vera | ||
| 650 | 0 | |a Viajes |9 257115 | |
| 650 | 0 | |a Historia |9 255047 | |
| 650 | 0 | |a Descubrimientos geográficos |9 331933 | |
| 650 | 0 | |a Geografía |9 259346 | |
| 650 | 0 | |a Población |9 257577 | |
| 650 | 0 | |a Recursos naturales |9 255232 | |
| 650 | 7 | |a SEDA |2 CL-VaPUC |9 366815 | |
| 650 | 0 | |a Comercio |9 255341 | |
| 650 | 0 | |a Gobierno |9 255508 | |
| 650 | 7 | |a INSTITUCIONES |2 CL-VaPUC |9 329701 | |
| 650 | 0 | |a Cultura |9 269059 | |
| 650 | 0 | |a Monumentos |9 265246 | |
| 650 | 7 | |a ICONOFRAFIA |2 CL-VaPUC |9 511337 | |
| 650 | 0 | |a Misioneros |9 324171 | |
| 650 | 0 | |a Mapas |9 260844 | |
| 651 | 0 | |a China |9 257545 | |
| 942 | |c BK |2 ddc | ||
| 945 | |d 20070124 00:00:00 |a rinostro | ||
| 952 | |0 0 |1 0 |4 0 |6 910_400000000000000_YUL_1915 |7 0 |8 X |9 400689 |a FDOBUD |b FDOBUD |d 2019-11-22 |h v.1 |i 103863K |o 910.4 YUL 1915 |p 103863K |r 2019-11-22 |t 1 |w 2019-11-22 |y BK_X |k BUD | ||
| 952 | |0 0 |1 0 |4 0 |6 910_400000000000000_YUL_1915 |7 0 |8 X |9 400690 |a FDOBUD |b FDOBUD |d 2019-11-22 |h v.2 |i 1038648 |o 910.4 YUL 1915 |p 1038648 |r 2019-11-22 |t 1 |w 2019-11-22 |y BK_X |k BUD | ||
| 952 | |0 0 |1 0 |4 0 |6 910_400000000000000_YUL_1915 |7 0 |8 X |9 400691 |a FDOBUD |b FDOBUD |d 2019-11-22 |h v.3 |i 1038656 |o 910.4 YUL 1915 |p 1038656 |r 2019-11-22 |t 1 |w 2019-11-22 |y BK_X |k BUD | ||
| 952 | |0 0 |1 0 |4 0 |6 910_400000000000000_YUL_1915 |7 0 |8 X |9 400692 |a FDOBUD |b FDOBUD |d 2019-11-22 |h v.4 |i 1038664 |o 910.4 YUL 1915 |p 1038664 |r 2019-11-22 |t 1 |w 2019-11-22 |y BK_X |k BUD | ||